000 00726nam a22002297a 4500
003 UA-OsUOA
001 117013
007 ta
008 20160420b un ||||| |||| 00| 0 ukr d
100 _aБондарчук Т.Г.
700 _aМельничук І.О.
090 _a330(477)
_bБ81
942 _cSA
040 _aUA-OsUOA
_bukr
_cUA-OsUOA
_dUA-OsUOA
245 _aРоль міжбюджетних трансфертів у форуванні доходів місцевих бюджетів України
300 _aС.46-53
955 _a0
041 _aukr
080 _a330(477)
773 0 _w117008
_tСтатистика України
_dК.
_d2015
_g4
650 7 _a330 Економіка взагалі
_2UDC
999 _c402992
_d402992